Responses for Show #8777 - Tuesday, January 3, 2023

Ray Lalonde game 14.

Contestants

[<< previous game]

Lloyd Sy, a graduate student in literature originally from Rockford, Illinois

Claire Theoret, a high school registrar from Essex, Vermont

Ray Lalonde, a scenic artist from Toronto, Ontario, Canada (whose 13-day cash winnings total $386,400)

[next game >>]

Jeopardy! Round responses

FICTION'S FICTIONAL PLACES
AMERICAN ART & ARTISTS
ORGS. FOR SHORT
ROMANTIC MOVIE LINES
HERE'S LOOKING AT "U"
KID CUISINE
    $200 19
Utopia

Ray
    $200 28
Paul Revere

Ray
    $200 30
the YMCA

Ray
    $200 26
Casablanca

Claire
    $200 21
uranium

Lloyd
    $200 27
PB&J

Claire
    $400 14
(Ray: Who is Gulliver?)

Lilliput

RayLloyd
    $400 18
Georgia O'Keeffe

Claire
    $400 29
MADD

Lloyd
    $400 11
Jerry Maguire

Lloyd
    $400 20
an upright piano

Ray
    $400 10
(Ray: What is "chow-dah"?)
(Ken: Mmmm, more specifically? No.)

corn chowder

Ray
Triple Stumper
    $600 3
Panem

Ray
    $600 13
Death

Claire
    $600 15
the SEC

Triple Stumper
    $600 12
As you wish

Ray
    $600 8
the undead

Ray
    $600 25
Eggos

Lloyd
    $800 2
(Lloyd: Who is Gulliver?)

Robinson Crusoe

ClaireLloyd
    $800 5
(Grant) Wood

Lloyd
    $800 6
the DAR (Daughters of the American Revolution)

Triple Stumper
    $800 9
Brokeback Mountain

Lloyd
    $800 16
the Utes

Lloyd
    $5 22
(Lloyd: What is "You see why I bet $5"?)
[Laughter]

fish sticks

Lloyd
    $1000 1
One Hundred Years of Solitude

Claire
    $1000 4
Whaam!

Ray
    $1000 23
OPEC

Ray
    $1000 7
Snap out of it

Lloyd
    $1000 17
Umberto

Ray
    $1000 24
the taquito

Triple Stumper

Scores at the first commercial break (after clue 15):

Ray Claire Lloyd
$2,000 $2,400 $2,600

Scores at the end of the Jeopardy! Round:

Ray Claire Lloyd
$5,000 $3,200 $4,595

Double Jeopardy! Round responses

THE GOOD, OLD, U.S. OF A.
SCIENCE NEWS
POP MUSIC-POURRI
L'HISTOIRE DE FRANCE
FUN WITH 21
SAME FIRST & LAST LETTER
    $400 29
a log cabin

Lloyd
    $400 27
(Ken: The Double [*] Redirection Test.)

asteroid

Claire
    $400 30
(Ray: What is The Civil War?)

Country Music

Ray
Triple Stumper
    $400 10
(Lloyd: What's Valois?)

Bourbon

ClaireLloyd
    $400 23
blackjack

Ray
    $400 25
a hookah

Ray
    $800 28
bears

Claire
    $800 26
the AIDS virus (HIV)

Ray
    $800 13
Carole King

Ray
    $800 9
Josephine

Claire
    $800 22
(Ken: Utah was going to have the vote later, but New York wanted cocktail hour.)
[Laughter]

Prohibition

Ray
    $800 24
(Ray: Oh, no, sorry.)

a tract

Ray
Triple Stumper
    $1200 16
Tacoma

Triple Stumper
    $1200 5
stem cells

Ray
    $1200 3
two worlds

Lloyd
    $1200 8
the Maginot Line

Ray
    $1200 21
the flag

Ray
    $1200 12
rebar

Claire
    $1600 17
(Claire: What is pueblo?)

adobe

RayClaire
    $1600 6
Saturn

Ray
    $1600 1
(Ken: From "Karma Chameleon", right.)

Culture Club

Ray
    $3,095 4
Alsace-Lorraine

Lloyd
    $1600 20
"Song Sung Blue"

Ray
    $1600 15
agora

Lloyd
    $2000 18
the Battery

Triple Stumper
    $2000 2
mangroves

Claire
    $2000 11
the Last Dance

Lloyd
    $2000 7
Lascaux

Claire
    $2000 19
(Ray: What is a sovereign?)

a guinea

RayClaire
    $3,000 14
(Ken: Ray?)
(Ray: [Shakes head])

excise

Ray

Scores at the end of the Double Jeopardy! Round:

Ray Claire Lloyd
$12,000 $11,200 $12,490

[wagering suggestions for these scores]

Final Jeopardy! Round responses

FOREIGN-BORN AUTHORS
(Ken: [To Claire] The great Chilean novelist got her start translating romance novels and was eventually fired for changing them.)
ClaireWho is Isabel Allende?
$11,200
RayWho is Allende?
$12,000
LloydWho is Isabel Allende?
$12,000
(Isabel) Allende

Final scores:

Ray Claire Lloyd
$24,000 $22,400 $24,490
2nd place: $2,000 3rd place: $1,000 New champion: $24,490

Game dynamics:

Coryat scores:

Ray Claire Lloyd
$15,000 $11,200 $11,000
22 R,
6 W
(including 1 DD)
14 R,
1 W
14 R
(including 1 DD),
3 W
(including 1 DD)

Combined Coryat: $37,200

[game clues] [game scores] [suggest correction]

Game tape date: 2022-11-14
The J! Archive is created by fans, for fans. Scraping, republication, monetization, and malicious use prohibited; this site may use cookies and collect identifying information. See terms. The Jeopardy! game show and all elements thereof, including but not limited to copyright and trademark thereto, are the property of Jeopardy Productions, Inc. and are protected under law. This website is not affiliated with, sponsored by, or operated by Jeopardy Productions, Inc. Join the discussion at JBoard.tv.